| 000 | 01508 a2200253 4500 | ||
|---|---|---|---|
| 001 | 48554 | ||
| 005 | 20260407155750.0 | ||
| 008 | 260407a1965 arg spa d | ||
| 003 | AR-UNSa-BCEJYS | ||
| 040 |
_aAR-UNSa-BCEJYS _bspa _cAR-UNSa-BCEJYS |
||
| 080 |
_a330.322.14 _xInversión pública. Inversión estatal |
||
| 245 | 1 | 0 | _aCriterios de inversión y desarrollo económico |
| 264 | 1 |
_aMadrid : _bEdiciones Rialp _c1965 |
|
| 300 |
_a194 p. _c24 cm. |
||
| 505 | _a1. La operatividad de los criterios teóricos en la selección de planes de inversión / Jan Tinbergen - 2. La programación en teoría y en la práctica italiana / Paul N. Rosenstein-Rodan - 3. Planificación económica y planificación de la inversión. Reflexiones basadas en una experiencia en Colombia / Albert O. Hirschman - 4. La distribución de la inversión en los países subdesarrollados. Observaciones basadas en la experiencia de Birmana / Everett E. Hagen - 5. Sugerencias para una teoría de la planificación soviética de la inversión / Gregory Grossman - 6. Proyectos individuales de inversión en las economías en desarrollo. Características generales del problema y comentarios sobre los documentos presentados a la conferencia / William Fellner. | ||
| 942 | _cBK | ||
| 590 | _aniveau_biblio:m niveau_hierar:0 | ||
| 100 | 1 | _aTinbergen, Jan | |
| 700 | 1 | _aRosenstein-Rodan, Paul N. | |
| 700 | 1 | _aHirschman, Albert O. | |
| 700 | 1 | _aHagen, Everett E. | |
| 700 | 1 | _aGrossman, Gregory | |
| 700 | 1 | _aFellner, William | |
| 999 |
_c4622 _d4622 |
||